|
|
|
|
| LEADER |
00000nab a2200000 a 4500 |
| 001 |
vtls000467471 |
| 003 |
SK-MaSNL |
| 005 |
20260318132355.0 |
| 008 |
160216c1991 xo 0 hun |
| 015 |
|
|
|a SNBRB19rr/mm-uuuuu
|
| 035 |
|
|
|a CL0467604
|
| 040 |
|
|
|a SNKBUCL
|b slo
|c SNKBUCL
|e AACR2
|
| 041 |
0 |
|
|a hun
|
| 044 |
|
|
|a xo
|c SK
|
| 080 |
|
|
|a 82:929:894.511 (437)=945.11
|2 1981
|
| 080 |
|
|
|a 929
|2 1981
|
| 080 |
|
|
|a 894.511 (437)=945.11
|2 1981
|
| 080 |
|
|
|a 894.511 (437)
|2 1981
|
| 080 |
|
|
|a 929 Ardamica, Ferenc
|2 1981
|
| 100 |
1 |
|
|a Ardamica, Ferenc,
|d 1941-2023
|4 aut
|9 200720
|
| 245 |
1 |
0 |
|a Minden mozdony elüt valakit
|c Ferenc Ardamica, Beáta Balog ; József Pálházy
|
| 300 |
|
|
|b Fot. 1.
|
| 600 |
1 |
7 |
|a Ardamica, Ferenc,
|d 1941-2023
|2 snkbucl
|9 200720
|
| 655 |
|
7 |
|a články z novín a časopisov
|2 snkbucl
|9 267496
|
| 655 |
|
7 |
|a články z odboru literárna veda a krásna literatúra
|2 snkbucl
|9 770045
|
| 700 |
1 |
|
|a Balog, Beáta
|4 aut
|9 974459
|
| 700 |
1 |
|
|a Pálházy, József
|4 gup
|9 1213536
|
| 773 |
0 |
|
|t Szabad újság
|g Roč. 1, č. 217 (2. 11. 1991), s. 6
|
| 850 |
|
|
|a Slovenská národná knižnica v Martine
|a MTA001
|
| 852 |
|
|
|a SNK
|b KIS3GCP
|
| 958 |
|
|
|a BX
|
| 958 |
|
|
|a RK
|
| 958 |
|
|
|a HU
|
| 958 |
|
|
|a LX
|
| 992 |
|
|
|a RBX
|
| 999 |
|
|
|c 2123908
|d 2125838
|